000 00623nam a2200205Ia 4500
003 OSt
005 20251008123201.0
008 220923b |||||||| |||| 00| 0 eng d
037 _cReference
040 _aRTL
_cRTL
_beng
041 _2eng
_aeng
084 _aV0aX, M1/SC
_qRTL
100 _aLala R. M.
_97200
245 0 _aCreation of wealth: the tata story
_b
260 _aBombay
_bIBH publishing co.
_c1981
300 _axiv,213 p.
_ccm.
_bIncludes bibliographical references and index.
500 _aAppendix :207-213p.
942 _hVoaX, M1/SC
_cREF
_2CC
_n0
999 _c485127
_d485127